La era de la encomienda (Registro nro. 5786)
[ vista simple ]
| 000 -CABECERA | |
|---|---|
| campo de control de longitud fija | 01061ata a2200361 4500 |
| 005 - FECHA Y HORA DE ACTUALIZACIÓN | |
| campo de control | 20160405112810.0 |
| 008 - LONGITUD FIJA | |
| campo de control de longitud fija | 150520b xxu||||| |||| 00| 0 spa d |
| 041 ## - IDIOMA | |
| Código de idioma del texto/pista de sonido o título separado | |
| 082 ## - CLASIFICACIÓN DECIMAL DEWEY | |
| Número de clasificación | 972.860.2 |
| Número de documento/Ítem | Q8e |
| 100 ## - AUTOR PERSONAL | |
| Nombre de persona | Quirós Vargas, Claudia |
| 245 ## - TÍTULO PROPIAMENTE DICHO | |
| Título | La era de la encomienda |
| 260 ## - PIE DE IMPRENTA | |
| Lugar de publicación, distribución, etc. | Costa Rica |
| 260 ## - PIE DE IMPRENTA | |
| Nombre del editor, distribuidor, etc. | Universidad de Costa Rica |
| 260 ## - PIE DE IMPRENTA | |
| Fecha de publicación, distribución, etc. | 2002 |
| 300 ## - DESCRIPCIÓN FÍSICA | |
| Extensión | 380 páginas |
| 650 ## - Materia General | |
| Materia general | COSTA RICA |
| 650 ## - Materia General | |
| Materia general | HISTORIA |
| 650 ## - Materia General | |
| Materia general | SIGLO XVI-XVII |
| 650 ## - Materia General | |
| Materia general | DESCUBRIMIENTO |
| 650 ## - Materia General | |
| Materia general | CONFIGURACIÓN COLONIAL |
| 650 ## - Materia General | |
| Materia general | CIUDADES DEL SIGLO XVI |
| 650 ## - Materia General | |
| Materia general | MARCO POLÍTICO |
| 650 ## - Materia General | |
| Materia general | PUEBLOS INDÍGENAS |
| 650 ## - Materia General | |
| Materia general | TRIBUTO EN ESPECIE |
| 650 ## - Materia General | |
| Materia general | COMERCIO |
| 650 ## - Materia General | |
| Materia general | PRODUCCIÓN |
| 650 ## - Materia General | |
| Materia general | EXPLOTACIÓN DEL INDÍGENA |
| 650 ## - Materia General | |
| Materia general | SERVICIO PERSONAL DE LOS INDÍGENAS |
| 650 ## - Materia General | |
| Materia general | MANO DE OBRA FORZADA |
| 650 ## - Materia General | |
| Materia general | INDÍGENAS ENCOMENDADOS |
| 650 ## - Materia General | |
| Materia general | SECTORES DOMINANTES |
| 942 ## - Punto de Acceso Adicional Koha | |
| Tipo de ítem Koha | Libro |
| Estado perdido | Estado dañado | No para préstamo | Biblioteca permanente | Biblioteca actual | Signatura completa | Código de barras | Precio efectivo a partir del | Tipo de ítem |
|---|---|---|---|---|---|---|---|---|
| Departamento de Biblioteca y Documentación Alfonso Chase Brenes | Departamento de Biblioteca y Documentación Alfonso Chase Brenes | 972.860.2 Q8e | 14732 | 05/04/2016 | Libro |